A dalland hibridsertés magyarországi tenyésztési tapasztalatai

Elmentve itt :
Bibliográfiai részletek
Szerző: Papp Barna
További közreműködők: Vidács Lajos (Témavezető)
Dokumentumtípus: Szakdolgozat
Megjelent: 1998
Kulcsszavak:Sertéstenyésztés
Tárgyszavak:
Online Access:http://diploma.bibl.u-szeged.hu/100280
LEADER 00713nta a2200217 i 4500
001 dipl100280
005 20220114104511.0
008 211217s1998 hu om 0|| hun d
040 |a SZTE Diploma Repozitórium  |b hun 
041 |a hun 
100 1 |a Papp Barna 
245 1 2 |a A dalland hibridsertés magyarországi tenyésztési tapasztalatai  |h [elektronikus dokumentum] /  |c Barna Papp 
260 |c 1998 
300 |a 26 
650 4 |a Agrár 
650 4 |a Agricultural sciences 
650 4 |a Animal and Dairy science 
650 4 |a Animal and dairy science 
695 |a Sertéstenyésztés 
700 1 |a Vidács Lajos  |e ths 
856 4 0 |u http://diploma.bibl.u-szeged.hu/id/eprint/100280/1/1998_papp_barna.pdf  |z Dokumentum-elérés